000 00636nam a2200205 i 4500
001 117100
003 ES-MaACL
005 20230906190829.0
007 t|
008 070228s1959 sp r ||||1| spa d
100 1 _aPasternak, Boris Leonidovich.
_989464
245 1 0 _aPoemas /
_cBoris L. Pasternak ; traducción directa del ruso por Boyan Marcoff ; adaptación métrica de M. Manent.
250 _a1ª ed.
260 _aBarcelona :
_bJuventud,
_c1959.
300 _a111 p. :
_b`Retr. aut.` ;
_c19 cm.
700 1 _aMarcoff, Boyan.
_976494
700 1 _aManent, M.
_9182598
852 _aES-MaACL
_jC-16229
999 _c117100
_d117100